00651nam a2200229 a 4500001001300000003000900013005001700022008004100039020001000080082001700090100002000107245003200127260003200159300000900191500003500200650001600235700002000251902000800271942000700279952011800286999001700404nice12345678IN_TiNIC20260116014201.0071218s2007 dela grp 000 0 eng  ac40000a070.954bMUR aMurthy, C S H N aSecularism and Indian Press aDelhibKanishka Pub. c2007 a165p aincludes index and biblioraphy aPress-India1 aMurthy, C S H N bSRS cBK 001040708StackRoom-aHMIbHMId2009-09-30g400.00l0o070.954 MURp022183r2009-09-30v400.00w2007-12-18yBK c14225d14225